=LDR 00000nam 2200000 4500 =001 INLIS000000000050447 =005 20170504015558 =035 ##$$a 0010-0517000100 =007 ta =008 170504###########################0###### =020 ##$$a 978-602-6348-46-3 =082 ##$$a 639.5 =084 ##$$a 639.5 Sul p =100 #$$a Suliswati =245 1#$$a Panen Rupiah Dari Bisnis Pembesaran Udang /$c Suliswati =250 ##$$a Cet.1 =260 ##$$a Yogyakarta :$b Air Publishing,$c 2016 =300 ##$$a 100 hlm. : $b Ilus =650 ##$$a Udang =990 ##$$a 78347834 =990 ##$$a 78347834 =990 ##$$a 31701155 =990 ##$$a 02201707834 =990 ##$$a 31701156 =990 ##$$a 31701155